Без заглавие (Запис номер 389288)
[ съкратено ]
| 000 -Лидер | |
|---|---|
| Контролно поле с фиксирана дължина | nam a22 a 4500 |
| 003 - Код на организацията, давaща контролен номер | |
| Контролно поле | BLK |
| 005 - Дата и час на последна редакция | |
| Контролно поле | 20201007113308.0 |
| 008 - Елементи от данни с фиксирана дължина | |
| fixed length control field | 200929b bu ||||| |||| 00| 0 bu d |
| 020 ## - Международен стандартен номер на книга ISBN | |
| Международен стандартен номер на книга ISBN | 9789543206742 |
| 040 ## - Източник на каталожния запис | |
| Идентификатор на билиотеката - собственик на записа | BLK |
| 041 ## - Код за език | |
| Код за езика на текст/звукозапис или на отделно заглавие | Български |
| Код за езика КДБФ | Български |
| 080 ## - УДК | |
| Текстов определител УДК | Вътрешни работи. Вътрешна политика |
| УДК код - определител по УДК | 323 |
| УДК определител | (497.2)(091) |
| УДК - код + определител | 323(497.2)(091) |
| 100 ## - Редна дума - Автор | |
| R(LIN) | 275240 |
| Автор | Кралевска, Нася Атанасова |
| Авторска отговорност | първи автор |
| 139 ## - Редно поле | |
| Редна дума | Кралевска, Нася Атанасова |
| Авторски знак | Крал - К 89 |
| 245 ## - Сведения за заглавието | |
| Заглавие | Без заглавие |
| Подзаглавни данни | Рушители и строители на България |
| Редно поле (дума) | Нася Кралевска |
| 250 ## - Област на изданието | |
| Сведения за изданието | 5. доп. изд. |
| 260 ## - Област на издателските данни | |
| 9 (RLIN) | 209565 |
| Място на издаване, разпространение и проч. | София |
| Име на издателя, разпространителя и проч. | Рива |
| Година на издаване | 2019 |
| Издателство - префикс ISBN | 978-954-320- ; 954-8440- |
| 300 ## - Физическа характеристика | |
| Страници | 382 с. |
| Илюстрации и др. | с портр., ил. |
| Размери/Мащаб | 24 см |
| 380 ## - Жанр | |
| Жанр | История |
| 501 ## - Забележка „подвързано към” | |
| Забележка: Подвързано към... | 1. изд 2001 на ИК "Иван Вазов"<br/>Биогр. данни за авт. отбелязани на гърба на кор.<br/>Библиогр.: с. 362-378<br/>Показалец на често срещани имена |
| 650 #7 - Допълнително описание по предмет – тема | |
| 9 (RLIN) | 167726 |
| Основно описание – тема или топоним | Преход от тоталитаризъм към демокрация - България |
| 653 #7 - Ключова дума – ненормативна | |
| 9 (RLIN) | 182625 |
| Ключова дума | българска вътрешна политика |
| 852 ## - Местоположение | |
| Форматна сигнатура | Цб 304039 |
| Фондова буква | Хранилище |
| 999 ## - СИСТЕМНИ КОНТРОЛНИ НОМЕРА | |
| Koha biblionumber | 389288 |
| Koha biblioitemnumber | 389288 |
| 942 ## - АРТИКУЛИ | |
| Вид на библиотечния материал | Книги |
| Скрит в OPAC | Не |
| Периодичен библиозапис | Да |
| 944 ## - СЪЗДАВАНЕ И РЕДАКЦИЯ на ЗАПИСА | |
| Създаване/Редакция | Създаване |
| Дата на регистрацията/редакция | 2020-10-07 |
| Служител, извършил регистрацията/редакцията | К.Д. |
| Код за отписване | Код за изгубен артикул | Източник на класификационната схема | Код за повреда | Коз за рестрикции | Код за отдаване | Артикулен № | Име на библиотеката - собственик | Име на библиотеката, в която се намира в момента | Статус (Текущо местоположение) | Дата на вписване в системата | Местоположение - отдел | Цена в лева | Систематично азбучна сигнатура | Баркод | Цена в евро | Служебен тип на артикула |
|---|---|---|---|---|---|---|---|---|---|---|---|---|---|---|---|---|
| Не е изгубен | Universal Decimal Classification | Не е повреден | само за читалня | ползва се в читалня | 803070 | Регионална библиотека "Любен Каравелов" Русе | Регионална библиотека "Любен Каравелов" Русе | Хранилище | 2020-10-07 | Хранилище | 18.00 | Цб 304039 | 120000848882 | 9.20 | Книги |